000 00754nam a2200277 i 4500
001 C2-0207032
003 PPAK
005 20180728101642.0
008 990304s1996 my a|||| ||||| | may d
020 _a9830551407
040 _aPPAK
_beng
_cPPAK
_erda
082 0 4 _a631.4
_2 23
090 0 0 _a631.4
_bJAS
_dK
100 0 _aJasman Ahmad,
_eauthor
245 1 0 _aTanah-tanih
264 1 _aPetaling Jaya, Selangor :
_bPenerbit Pinang ,
_c1996
300 _a36 pages :
_billustrations ;
_c21 cm
336 _2rdacontent
_atext
337 _2rdamedia
_aunmediated
338 _2rdacarrier
_avolume
490 1 _aSiri Aspek-aspek Geografi
650 1 0 _aSoil geography
700 _eauthor
830 0 _aSiri Aspek-aspek Geografi
942 _ddc
_cB
999 _c157734
_d157734